| 000 | 01239nam0a2200337 4500 | ||
|---|---|---|---|
| 001 | RU\NLR\BIBL_A\010800310 | ||
| 005 | 20260406123657.0 | ||
| 010 |
_a978-5-17-078993-1 _93000 |
||
| 021 |
_aRU _b2015-44381 _92630 |
||
| 035 | _a(NILC)RuMoRGB-007954074 | ||
| 035 | _a(NLR Aleph) 010800310 | ||
| 090 |
_a10156630 _c10156630 |
||
| 100 | _a20150709d2015 |||y0rusy50 ca | ||
| 101 | 1 |
_arus _ceng |
|
| 102 | _aRU | ||
| 105 | _ay|||z|||000ay | ||
| 200 | 1 |
_aЛовец снов _e[роман] _fСтивен Кинг _g[пер. с англ. Т.А. Перцевой] |
|
| 210 |
_aМосква _cАСТ _d2015 |
||
| 215 |
_a733, [1] с. _d20 |
||
| 225 | 1 | _aСерия "Король на все времена" | |
| 300 | _aНа 4-й с. обл. авт.: Стивен Кинг, писатель | ||
| 320 | _aДр. произведения авт. на 4-й с. обл. | ||
| 686 | 1 | _aШ6(7США)67-445{Лх1979-62} | |
| 700 | 1 |
_7ca _8rus _aКинг _bС. _f1947- _gСтивен _9110885 _3RU\NLR\AUTH\77848 |
|
| 801 | 0 |
_aRU _bРГБ _c20150616 _gRCR |
|
| 801 | 2 |
_aRU _bРГБ _c20150618 _grcr |
|
| 801 | 1 |
_aRU _bРГБ _c20150616 _2rusmarc |
|
| 942 | _cBOOK | ||
| 980 | _aNB | ||